Normal view
MARC view
Entry Personal Name
001 - CONTROL NUMBER
- control field: 48367
003 - CONTROL NUMBER IDENTIFIER
- control field: dpl
005 - DATE AND TIME OF LATEST TRANSACTION
- control field: 20120604110107.0
008 - FIXED-LENGTH DATA ELEMENTS
- fixed length control field: 120604|||a|||||| | ||| d
040 ## - CATALOGING SOURCE
- Original cataloging agency: dpl
- Transcribing agency: dpl
100 ## - HEADING--PERSONAL NAME
- Personal name: Singh,Malvika and Mukherjee, Rudrangshu
670 ## - SOURCE DATA FOUND
- Source citation: Work cat.: (dpl)66410: Singh,Malvika and Mukherjee, Rudrangshu, New Delhi ;, 2011
670 ## - SOURCE DATA FOUND
- Source citation: Work cat.: (dpl)66410: Singh,Malvika and Mukherjee, Rudrangshu, New Delhi ;, 2011
